000 00569nam a22002177a 4500
003 UA-OsUOA
001 77249
007 ta
008 20110906b un ||||| |||| 00| 0 ukr d
100 _aРомановский В.К.
090 _a34
_bР69
942 _cSA
040 _aUA-OsUOA
_brus
_cUA-OsUOA
_dUA-OsUOA
245 _aГосударство и право в трактовке Н.В. Устрялова
300 _aС.53-59
955 _a0
041 _arus
080 _a34
773 0 _w77245
650 7 _a34 Право. Юриспруденція
_2UDC
999 _c363558
_d363558